Match the F1 racers with there teams - Statistics

General Stats
  • This quiz has been taken 16 times
  • The average score is 9 of 11
Answer Stats
Hint Answer % Correct
Max Verstappen
Red Bull
100%
Charles Leclerc Ferrari
100%
Lando Norris Mclaren
93%
George Russel
Mercedes
93%
Fernando Alonso Aston Martin
86%
Pierre Gasly Alpine
79%
Carlos Sainz Williams
79%
Checo Perez Cadillac
71%
Liam Lawson VCARB
71%
Nico Hulkenberg Audi
57%
Estabon Ocon Haas
50%
No matching quizzes found
Score Distribution
Percent of People with Each Score
Percentile by Number Answered
Your Score History
You have not taken this quiz